[Event "Sao Paulo Pascoa op"]
[Site "Sao Paulo"]
[Date "2024.03.29"]
[Round "1"]
[White "Braga, Kaio Santos"]
[Black "El Zwei, Aiman Mohamed"]
[Result "1-0"]
[WhiteElo "1624"]
[BlackElo "1861"]
[PlyCount "81"]
[EventDate "2024.03.29"]
[EventType "swiss"]
[EventRounds "6"]
[EventCountry "BRA"]
[SourceTitle "CB14_2024"]
[SourceDate "2024.04.01"]
[SourceVersion "1"]
[SourceVersionDate "2024.04.01"]
[SourceQuality "1"]

1. e4 e5 2. Nf3 Nc6 3. Bb5 a6 4. Ba4 Nf6 5. 0-0 Be7 6. Re1 b5 7. Bb3 d6 8. h3 0-0 9. c3 Bb7 10. d3 Na5 11. Bc2 c5 12. Nbd2 Re8 13. Nf1 Bf8 14. Bg5 h6 15. Bh4 g6 16. Ne3 Bg7 17. Qd2 g5 18. Bg3 Nc6 19. Nf5 Ne7 20. Nxg7 Kxg7 21. d4 Ng6 22. Rad1 exd4 23. cxd4 Nxe4 24. Bxe4 Bxe4 25. dxc5 Bxf3 26. Qc3+ Kh7 27. gxf3 Rxe1+ 28. Qxe1 Qf6 29. cxd6 Rd8 30. d7 Qxf3 31. Rd6 g4 32. h4 Nf4 33. Bxf4 Qxf4 34. Qe7 g3 35. fxg3 Rb8 36. Rd3 Qc1+ 37. Kf2 Qc2+ 38. Qe2 Qc7 39. Qe4+ f5 40. Qxf5+ Kg7 41. Qg4+ 1-0